| 000 | 00540nam a2200181Ia 4500 | ||
|---|---|---|---|
| 999 |
_c2715 _d2715 |
||
| 003 | OSt | ||
| 005 | 20200820124215.0 | ||
| 008 | 190216s9999||||xx |||||||||||||| ||und|| | ||
| 020 | _a9780198552338 | ||
| 040 | _coclc | ||
| 082 |
_a541.35 _bWAY/P |
||
| 100 |
_aWayne, Richard P _94236 |
||
| 245 | 0 |
_aPrinciples And Applications Of Photochemistry / _cRichard P Wayne |
|
| 260 |
_bOxford University Press, _c1988. _aNew York: |
||
| 300 | _a268p | ||
| 650 | _aChemistry | ||
| 942 |
_cBK _2ddc _h541.35 _iWAY/P _k541.35 _mWAY/P |
||